| 000 | 00446cam a2200169ua 4500 | ||
|---|---|---|---|
| 999 |
_c1976 _d1976 |
||
| 003 | OSt | ||
| 008 | 180917b ||||| |||| 00| 0 eng d | ||
| 020 | _a0-85226-588-3 | ||
| 082 |
_a660.284 _bMUJ/AD |
||
| 100 |
_aMujumdar, Arun S . _93309 |
||
| 245 | _aAdvances in transport processes, Vol 4 / | ||
| 250 | _a1 / | ||
| 260 |
_aNew Delhi : _bWiley Eastern Ltd , _c1986. |
||
| 300 | _a617 ; . | ||
| 700 | 1 |
_aMashelkar, R A . _93310 |
|
| 942 | _cBK | ||